| 000 | 00579nam a2200169 a 4500 | ||
|---|---|---|---|
| 001 | 000024361 | ||
| 005 | 20200930022938.0 | ||
| 008 | 110126s1972 ag ac r 001 0 spa d | ||
| 040 |
_aDO-SdBNP _bspa _cBNPHU |
||
| 082 |
_axxxxx _bS213a |
||
| 100 | 1 |
_aSandburg, Carl _949962 |
|
| 245 | 1 | 0 |
_aAbraham Lincoln : _blos años de la guerra II / _ccarl Sandbrug ; traducción Jerónimo Córdoba. |
| 260 |
_aBuenos Aires, Argentina : _bLibrería Hachette, _c1972. |
||
| 300 |
_a588 p. : _bil. retrs. ; _c20 cm. |
||
| 590 | _aInventariado, 2019/BT | ||
| 700 | 1 |
_aCórdoba, Jerónimo, _etr. _949963 |
|
| 999 |
_c23854 _d23854 |
||